Finn Wolfhard - Happy Birthday Lyrics - Statistics

General Stats
  • This quiz has been taken 24 times
  • The average score is 23 of 35
Answer Stats
Answer % Correct
birthday
100%
birthday
100%
birthday
100%
birthday
100%
Happy
100%
Happy
100%
you
93%
I
73%
I
73%
do
67%
It's
67%
It's
67%
waste
67%
wasting
67%
your
67%
and
60%
and
60%
my
60%
precious
60%
precious
60%
stop
60%
time
60%
time
60%
want?
60%
what
60%
what
60%
away
53%
done?
53%
have
53%
Up
53%
up
53%
be
40%
That's
40%
where
40%
you'll
40%
No matching quizzes found
Score Distribution
Percent of People with Each Score
Percentile by Number Answered
Your Score History
You have not taken this quiz